Gaming Quiz

Random Gaming Quiz

Kingdom Hearts: Lexaeus's Weapons Quiz Stats

 Plays Quiz not verified by Sporcle

Support Sporcle.
Go Orange.
Score 0/24 Timer 08:00
0 Plays Today
Gear Type Weapon % Correct
NoneReticence
100%
FearlessRedwood
100%
PrestigeSequoia
100%
Ultimate1001 Nights
100%
ZeroSkysplitter
100%
CasualBleep Bloop Bop
100%
MysteryMonolith
100%
Skill Goliath
86.7%
TechnicalCopper Red
86.7%
DuelDaybreak
86.7%
LoadedColossus
86.7%
ChronoUrsa Major
86.7%
Gear Type Weapon % Correct
Phantom Megacosm
86.7%
NimbleFuligin
86.7%
WildHard Winter
86.7%
OminousFirefly
86.7%
ValorHarbinger
86.7%
CrisisIron Black
86.7%
OmegaEarthshine
86.7%
HazardOctiron
86.7%
RageHyperion
86.7%
ChampionClarity
86.7%
Pandora'sCardinal Virtue
86.7%
LiftTerrene
80%

You're not logged in!

Compare scores with friends on all Sporcle quizzes.
OR
Log In

From the Vault

Remove Ads.
Support Sporcle.
Get the best of Sporcle when you Go Orange. This ad-free experience offers more features, more stats, and more fun while also helping to support Sporcle. Thank you for becoming a member.

Show Comments

Extras

Top Quizzes Today


Score Distribution

Your Account Isn't Verified!

In order to create a playlist on Sporcle, you need to verify the email address you used during registration. Go to your Sporcle Settings to finish the process.

Report this User

Report this user for behavior that violates our Community Guidelines.

Details: